000 00446nam a2200181Ia 4500
001 21396
005 20260306172916.0
008 260306t2022||||xx |||||||||||||| ||spa||
041 _aESP
082 _a344.83
_bG23G 2022
100 _aGarcía Cavero, Percy
_eAUT
245 0 _aDerecho penal económico:
_bparte general
260 _c2022
300 _a943 páginas :
_c25 cm.
650 _aGEN
654 _aCDE
942 _cLIB
_dJUS
_fJUS
_2ddc
_n
999 _c21396
_d21396